000 00770nam a2200265Ia 4500
001 818
005 20240113233431.0
007 ta
008 050125s1904 a g b000 u eng u
020 _a81-7536-034-8
040 _aCotton College,Assam
041 _aeng
082 _a294.3
_bMu 912 Ve
100 _aMuller, F. Max .
245 0 _aVedanta-Sutras: With the Commentary by Sankarcarya Vol.XXXIV Part. I /
_cF. Max Muller ed.
_hTextual Documents
250 _a1st ed /
260 _aDelhi :
_bLow price publications ,
_c1904.
300 _a448p. :
_bill ;
_c21cm .
500 _aThe sacred books of the east.
653 _aReligious - literature
700 _aThibaut, George .
942 _2ddc
_cBK
999 _c816
_d816